000 00645nam a2200217 u 4500
005 20210223133716.0
008 181122s2008 mx r 000 0 spa d
020 _a9789705803437
035 _aUPN01000228035
049 _aI
050 4 _aBJ971 B8
_bP3.7
100 1 _aPantzer, Peter
_942848
245 1 4 _aLos samurais /
_cPeter Pantzer ; il. Kiel Hauke Kock ; tr. Juan José Utrilla.
260 _aMéxico :
_bAltea,
_c2008.
300 _a48 p. :
_bil. col.
440 0 _aCómo y por qué
650 4 _aSAMURAI -
_xCONDUCTA DE VIDA
_927104
650 4 _aSAMURAI -
_vLITERATURA INFANTIL
_922264
905 _aInfantil
999 _c200130
_d200130